00800pam a2200193 a 4500020002800000082003200028100002000060245013800080250001200218260004600230300003400276526003700310650001300347650004900360650005600409942001200465999001900477952011000496 a0419176209 (alk. paper)00a624.1771bARYcL-NUST, P-051 aArya, C.94292910aDesign of structural elements :bconcrete, steelwork, masonry, and timber design to British standards and Eurocodes /cChanakya Arya. a1st ed. aLondon ;aNew York :bE & FN Spon,c1994. axvi, 360 p. :bill. ;c25 cm. a0b0c0d624_177100000000000_ARY 0aMCE9379 0aStructural designxStandardszEurope.942930 0aStructural designxStandardszGreat Britain.942931 2ddccBK c546732d546732 00102ddc4070aMCEbMCEd2014-06-18l1o624.1771 ARYpMCE-43843r2016-06-02s2016-02-17w2014-06-18yBK